000 00400nam a2200145 i 4500
001 bg
100 1 _aMIERZEJEWSKI, Jerzy
245 0 _aĆwiczenia laboratoryjne z wytrzymałości materiałów /
_cJerzy Mierzejewski, Stanisław Szubra.
260 _aSzczecin,
_c1975.
700 1 _aSZUBRA, Stanisław
040 _cBPK
041 _apol
942 _cKS
008 s pl f |000 0 pol
999 _c16641
_d16641
856 _uhttp://koha.tu.koszalin.pl/cgi-bin/koha/opac-detail.pl?biblionumber=16641
_yKatalog online BPK